| 000 | nam a22 7a 4500 | ||
|---|---|---|---|
| 999 |
_c22926 _d22926 |
||
| 008 | 170125b xxu||||| |||| 00| 0 eng d | ||
| 020 | _a9780697251916 | ||
| 050 | _aQH 308.2 .M33 1997 | ||
| 100 | _aMader, Sylvia S. | ||
| 245 |
_aInquiry into Life/ _cSylvia S. Mader |
||
| 250 | _a8th ed. | ||
| 260 |
_aDubuque, IA: _bWm. c. Brown Publisher, _c1997. |
||
| 300 |
_aviii,215p.: _bill.; _c28cm. |
||
| 521 | _aIncludes index. | ||
| 650 | _aBiology. | ||
| 942 |
_2lcc _cBOOKS _hQH 308.2 .M33 1997 |
||